[Event "SVK-chT2B 9394"]
[Site "Slovakia"]
[Date "1994.??.??"]
[Round "12"]
[White "Horvath, Alojz"]
[Black "Batka, I."]
[Result "1-0"]
[WhiteElo "1750"]
[BlackElo "1920"]
[PlyCount "93"]
[EventDate "1993.??.??"]
[EventType "team"]
[EventRounds "14"]
[EventCountry "SVK"]
[SourceTitle "EXT 2001"]
[Source "ChessBase"]
[SourceDate "2000.11.22"]
[SourceVersion "1"]
[SourceVersionDate "2000.11.22"]
[SourceQuality "1"]

1. d4 g6 2. c4 Bg7 3. Nc3 d6 4. e4 Nf6 5. Nf3 0-0 6. Be2 Nbd7 7. h3 e5 8. d5 Nc5 9. Qc2 a5 10. Be3 Nfd7 11. g4 f5 12. gxf5 gxf5 13. Bg5 Nf6 14. exf5 Bd7 15. Rg1 Kh8 16. 0-0-0 Qe8 17. Nh4 a4 18. Bg4 e4 19. f3 Nd3+ 20. Kb1 b5 21. cxb5 Bxb5 22. fxe4 Nxe4 23. f6 Rxf6 24. Bxf6 Bxf6 25. Rxd3 Bxd3 26. Qxd3 Nxc3+ 27. bxc3 Rb8+ 28. Kc2 Bxh4 29. Qd4+ Qe5 30. Qxe5+ dxe5 31. Be6 Rf8 32. Rg2 h6 33. c4 Be7 34. Rg6 Bg5 35. h4 Bf4 36. Rg2 Re8 37. Kd3 Rf8 38. Rg4 a3 39. Kc2 Rb8 40. Rg6 Rb2+ 41. Kd3 Rd2+ 42. Ke4 Re2+ 43. Kf5 Kh7 44. Kf6 e4 45. Rg7+ Kh8 46. Rg8+ Kh7 47. Kf7 1-0

[Event "SVK-chT2B 9394"]
[Site "Slovakia"]
[Date "1994.??.??"]
[Round "13"]
[White "Horvath, Alojz"]
[Black "Petrik, Tomas"]
[Result "0-1"]
[WhiteElo "1750"]
[BlackElo "1965"]
[PlyCount "52"]
[EventDate "1993.??.??"]
[EventType "team"]
[EventRounds "14"]
[EventCountry "SVK"]
[SourceTitle "EXT 2001"]
[Source "ChessBase"]
[SourceDate "2000.11.22"]
[SourceVersion "1"]
[SourceVersionDate "2000.11.22"]
[SourceQuality "1"]

1. d4 Nf6 2. c4 e6 3. Nc3 Bb4 4. a3 Bxc3+ 5. bxc3 c5 6. Qc2 Nc6 7. Nf3 Qa5 8. Bd2 d6 9. e3 0-0 10. Be2 Qc7 11. 0-0 b6 12. Ng5 Ba6 13. Ne4 Nxe4 14. Qxe4 d5 15. Qh4 cxd4 16. Bd3 f5 17. exd4 Na5 18. Rfe1 Bxc4 19. Bc2 Qf7 20. Bf4 Nc6 21. Re3 Ne7 22. Rh3 h6 23. Bd6 Ng6 24. Qh5 Rfd8 25. Rg3 Kh7 26. Be5 Nxe5 0-1